Guess the Louis Tomlinson song with no hints #10 - Statistics

General Stats
  • This quiz has been taken 64 times
    59 since last reset
  • The average score is 261 of 315
Answer Stats
Answer % Correct
a
100%
I
100%
the
100%
to
100%
we
100%
you
100%
You
100%
And
96%
and
96%
it
96%
It
96%
know
96%
like
96%
me
96%
me,
96%
me?
96%
on
96%
your
96%
you're
96%
for
92%
he
92%
I'm
92%
in
92%
is
92%
Is
92%
Just
92%
just
92%
my
92%
So,
92%
be
88%
Cause
88%
cause
88%
it's
88%
No,
88%
of
88%
wear
88%
can
85%
don't
85%
Have
85%
have
85%
if
85%
I'll
85%
say
85%
that
85%
baby,
81%
baby
81%
been
81%
did
81%
didn't
81%
doesn't
81%
Has
81%
mean
81%
still
81%
time
81%
what
81%
because
77%
call
77%
Chicago,
77%
doin'
77%
fights?
77%
had
77%
mine?
77%
number
77%
They
77%
think
77%
wasn't
77%
work
77%
any
73%
bet
73%
brother
73%
forgive
73%
gettin'
73%
I'd
73%
I've
73%
liked?
73%
lonely
73%
meant
73%
mum
73%
names
73%
okay?
73%
out
73%
search
73%
always
69%
jumper
69%
long
69%
made
69%
meaningless
69%
Oh,
69%
sorry
69%
Use
69%
yours
69%
bitter
65%
enough
65%
feel
65%
how
65%
saw
65%
sweet
65%
brought
62%
grateful
62%
myself
62%
remember
62%
true
62%
turn
62%
goin'?
58%
told
58%
you'd
58%
better
54%
ends
54%
keep
54%
away?
50%
much
50%
Or
50%
seen
50%
wondering
50%
Would
50%
would
50%
life's
46%
walk
46%
sometimes
38%
No matching quizzes found
Score Distribution
Percent of People with Each Score
Percentile by Number Answered
Your Score History
You have not taken this quiz since the last reset